000 00416nam a2200181Ia 4500
005 20250425161210.0
008 250425s9999 xx 000 0 und d
041 _aspa
082 _a549.133
100 _aHEINRICH, E.
245 0 _aIDENTIFICACION MICROSCOPICA DE LOS MINERALES
250 _a1A ED.
260 _aBILBAO
260 _aEspaƱa
_bURMO
_c1970
300 _a456
942 _c01
010 _a14874
999 _c204377
_d204377